[Event "Xtracon Skakligaen"]
[Site "Denmark"]
[Date "2017.02.26"]
[Round "7.4"]
[White "Stojanovski, Sandi"]
[Black "Pedersen, Nicolai Vesterbaek"]
[Result "0-1"]
[WhiteElo "2292"]
[BlackElo "2371"]
[PlyCount "81"]
[EventDate "2016.10.29"]
[EventType "team-tourn"]
[EventRounds "9"]
[EventCountry "DEN"]
[WhiteTeam "Hillerod 1"]
[BlackTeam "Team Nordea Skanderborg 1"]
[WhiteTeamCountry "DEN"]
[BlackTeamCountry "DEN"]

1. d4 Nf6 2. Nf3 e6 3. e3 b6 4. Bd3 Bb7 5. Nbd2 c5 6. O-O Nc6 7. c3 Qc7 8. a3
d5 9. dxc5 bxc5 10. e4 Be7 11. Re1 O-O 12. e5 Nd7 13. Nf1 Ndxe5 14. Nxe5 Nxe5
15. Bf4 f6 16. Qh5 h6 17. Qh3 Qb6 18. Bxh6 Rf7 19. Rxe5 fxe5 20. Bg6 Rf6 21.
Qh5 Qxb2 22. Be3 Rxg6 23. Qxg6 Qxa1 24. Bh6 Bf6 25. Bxg7 Bxg7 26. Qxe6+ Kf8 27.
Qd6+ Ke8 28. Qe6+ Kd8 29. Qg8+ Kc7 30. Qxg7+ Kb6 31. Qxe5 Bc6 32. h4 Re8 33.
Qf4 Qxc3 34. Ng3 Qe1+ 35. Kh2 Qe5 36. Qc1 Rh8 37. Qb1+ Kc7 38. Qf1 Rxh4+ 39.
Kg1 Ra4 40. Qd3 Qa1+ 41. Qd1 0-1

[Event "Xtracon Skakligaen"]
[Site "Denmark"]
[Date "2017.02.26"]
[Round "7.5"]
[White "Pedersen, Steffen"]
[Black "Jaksland, Tim"]
[Result "1/2-1/2"]
[WhiteElo "2375"]
[BlackElo "2230"]
[PlyCount "22"]
[EventDate "2016.10.29"]
[EventType "team-tourn"]
[EventRounds "9"]
[EventCountry "DEN"]
[WhiteTeam "Team Nordea Skanderborg 1"]
[BlackTeam "Hillerod 1"]
[WhiteTeamCountry "DEN"]
[BlackTeamCountry "DEN"]

1. d4 Nf6 2. Nf3 g6 3. c4 Bg7 4. Nc3 O-O 5. e4 d6 6. h3 e5 7. d5 Nh5 8. Nh2 Nd7
9. Be3 a5 10. g3 Nc5 11. Be2 Nf6 1/2-1/2

[Event "Xtracon Skakligaen"]
[Site "Denmark"]
[Date "2017.02.26"]
[Round "7.6"]
[White "Ostergaard, Jens"]
[Black "Boe, Mads"]
[Result "1/2-1/2"]
[WhiteElo "2239"]
[BlackElo "2324"]
[PlyCount "152"]
[EventDate "2016.10.29"]
[EventType "team-tourn"]
[EventRounds "9"]
[EventCountry "DEN"]
[WhiteTeam "Hillerod 1"]
[BlackTeam "Team Nordea Skanderborg 1"]
[WhiteTeamCountry "DEN"]
[BlackTeamCountry "DEN"]

1. d4 f5 2. Nf3 Nf6 3. g3 e6 4. Bg2 d5 5. c4 c6 6. O-O Bd6 7. Qc2 O-O 8. Nbd2
Nbd7 9. Ne1 Qe7 10. Nd3 b6 11. Nf3 Bb7 12. Bf4 Bxf4 13. Nxf4 Ne4 14. b4 Nd6 15.
c5 Nc4 16. Nd2 Nxd2 17. Qxd2 Ba6 18. Rab1 Bc4 19. Rfe1 Rfe8 20. Nd3 b5 21. a3
e5 22. dxe5 Nxe5 23. Nb2 a5 24. Qd4 axb4 25. axb4 Qf6 26. e3 Ra2 27. h3 Kf7 28.
f4 Nf3+ 29. Bxf3 Qxd4 30. exd4 Rxe1+ 31. Rxe1 Rxb2 32. Ra1 Rxb4 33. Ra7+ Kf8
34. Rc7 Rb1+ 35. Kf2 b4 36. Rxc6 b3 37. Rb6 Ke7 38. Rb7+ Kd8 39. c6 Ra1 40. Ke3
Ra6 41. Kd2 Rxc6 42. Bd1 Rh6 43. Bxb3 Bxb3 44. Rxb3 Rxh3 45. Ke2 Rh6 46. Rb8+
Kc7 47. Rg8 Re6+ 48. Kf3 Re7 49. g4 fxg4+ 50. Kxg4 Kd7 51. Kf5 Kd6 52. Ra8 Rf7+
53. Kg4 Kc6 54. Rc8+ Rc7 55. Rh8 g6 56. Rd8 Rd7 57. Rc8+ Kd6 58. f5 h5+ 59. Kg5
gxf5 60. Kxf5 Rf7+ 61. Kg5 Re7 62. Kf5 Re4 63. Rd8+ Kc6 64. Rc8+ Kd7 65. Rh8 h4
66. Rh6 Ke7 67. Rh7+ Kf8 68. Rh6 Kg7 69. Rg6+ Kh7 70. Rg5 Rxd4 71. Rh5+ Kg7 72.
Rg5+ Kh6 73. Rg8 Kh7 74. Rg5 Kh6 75. Rg8 Re4 76. Rd8 Rd4 1/2-1/2

[Event "Xtracon Skakligaen"]
[Site "Denmark"]
[Date "2017.02.26"]
[Round "7.7"]
[White "Bjerre, Jonas Buhl"]
[Black "Pedersen, Jan Nordenbaek"]
[Result "1-0"]
[WhiteElo "2357"]
[BlackElo "2170"]
[PlyCount "139"]
[EventDate "2016.10.29"]
[EventType "team-tourn"]
[EventRounds "9"]
[EventCountry "DEN"]
[WhiteTeam "Team Nordea Skanderborg 1"]
[BlackTeam "Hillerod 1"]
[WhiteTeamCountry "DEN"]
[BlackTeamCountry "DEN"]

1. e4 c5 2. Nf3 Nc6 3. d4 cxd4 4. Nxd4 Nf6 5. Nc3 e5 6. Ndb5 d6 7. Bg5 a6 8.
Na3 b5 9. Nd5 Be7 10. Bxf6 Bxf6 11. c3 O-O 12. Nc2 Bg5 13. a4 bxa4 14. Rxa4 a5
15. Bc4 Rb8 16. Ra2 g6 17. O-O Kh8 18. Qe2 f5 19. exf5 Bxf5 20. Nce3 Be6 21.
Rd1 Bh4 22. g3 Bg5 23. h4 Bxe3 24. Nxe3 Bf5 25. Qd2 Rf6 26. Nd5 Rf8 27. Qg5 e4
28. Qxd8 Rfxd8 29. Ne3 Ne5 30. Rxa5 Nf3+ 31. Kg2 Rxb2 32. Nxf5 gxf5 33. Rxf5
Nd2 34. Bd5 e3 35. Re1 Re8 36. Re2 Rb5 37. fxe3 Nb1 38. c4 Rc5 39. Ref2 Nc3 40.
Rf8+ Rxf8 41. Rxf8+ Kg7 42. Rf5 Nd1 43. Kf3 Nb2 44. Rf7+ Kg6 45. Rd7 Nxc4 46.
Bxc4 Rxc4 47. Rxd6+ Kf7 48. e4 Rc1 49. Kf4 Rf1+ 50. Kg5 Re1 51. Rd7+ Kg8 52.
Re7 Rg1 53. g4 h6+ 54. Kh5 Rg2 55. e5 Rg3 56. e6 Kf8 57. Rh7 Re3 58. Rxh6 Re5+
59. g5 Kg7 60. Rf6 Re4 61. Rf7+ Kg8 62. Ra7 Rxe6 63. g6 Re4 64. Kg5 Re5+ 65.
Kf6 Re8 66. h5 Rb8 67. Ra5 Rf8+ 68. Kg5 Rb8 69. h6 Kh8 70. h7 1-0

[Event "Xtracon Skakligaen"]
[Site "Denmark"]
[Date "2017.02.26"]
[Round "7.8"]
[White "Pedersen, Martin Rosenkilde"]
[Black "Bjerre, Tavs"]
[Result "1/2-1/2"]
[WhiteElo "2121"]
[BlackElo "2085"]
[PlyCount "24"]
[EventDate "2016.10.29"]
[EventType "team-tourn"]
[EventRounds "9"]
[EventCountry "DEN"]
[WhiteTeam "Hillerod 1"]
[BlackTeam "Team Nordea Skanderborg 1"]
[WhiteTeamCountry "DEN"]
[BlackTeamCountry "DEN"]

1. e4 c5 2. c3 Nf6 3. e5 Nd5 4. Nf3 e6 5. d4 cxd4 6. cxd4 d6 7. Bc4 Be7 8. O-O
O-O 9. Qe2 Nc6 10. a3 Bd7 11. Rd1 Na5 12. Ba2 Ba4 1/2-1/2

[Event "Xtracon Skakligaen"]
[Site "Denmark"]
[Date "2017.02.26"]
[Round "7.1"]
[White "Teplyi, Igor"]
[Black "Ochsner, Bjorn Moller"]
[Result "1/2-1/2"]
[WhiteElo "2431"]
[BlackElo "2428"]
[PlyCount "97"]
[EventDate "2016.10.29"]
[EventType "team-tourn"]
[EventRounds "9"]
[EventCountry "DEN"]
[WhiteTeam "Nordre 1"]
[BlackTeam "Aarhus/Skolerne 1"]
[WhiteTeamCountry "DEN"]
[BlackTeamCountry "DEN"]

1. d4 Nf6 2. c4 e6 3. Nc3 Bb4 4. Qc2 b6 5. e4 c5 6. d5 Qe7 7. Nge2 exd5 8. exd5
O-O 9. Bd2 Bxc3 10. Qxc3 Ne4 11. Qe3 Re8 12. O-O-O d6 13. Nc3 Nxd2 14. Qxe7
Rxe7 15. Kxd2 Ba6 16. Bd3 Nd7 17. b3 Nf6 18. f3 Bc8 19. g4 Bd7 20. g5 Ne8 21.
h4 Rb8 22. a3 a6 23. b4 b5 24. Rb1 bxc4 25. bxc5 Rxb1 26. Bxb1 dxc5 27. Ba2 Nd6
28. Rb1 Nf5 29. Bxc4 Nxh4 30. Be2 Nf5 31. Bxa6 h5 32. gxh6 gxh6 33. Rb7 Be8 34.
Rxe7 Nxe7 35. a4 Nf5 36. Bc8 Nd6 37. Bh3 Kf8 38. Kd3 Ke7 39. a5 Kd8 40. Ne4
Bb5+ 41. Ke3 Nc4+ 42. Kf4 Nxa5 43. Nxc5 Ke7 44. Ne4 Nb7 45. Ke5 Nd6 46. Nxd6
f6+ 47. Kf5 Kxd6 48. Kxf6 Kxd5 49. Kg6 1/2-1/2

[Event "Xtracon Skakligaen"]
[Site "Denmark"]
[Date "2017.02.26"]
[Round "7.2"]
[White "Sorensen, Jan"]
[Black "Petersen, Tom Petri"]
[Result "1-0"]
[WhiteElo "2423"]
[BlackElo "2341"]
[PlyCount "65"]
[EventDate "2016.10.29"]
[EventType "team-tourn"]
[EventRounds "9"]
[EventCountry "DEN"]
[WhiteTeam "Aarhus/Skolerne 1"]
[BlackTeam "Nordre 1"]
[WhiteTeamCountry "DEN"]
[BlackTeamCountry "DEN"]

1. e4 g6 2. d4 Bg7 3. Nf3 d6 4. Bc4 Nf6 5. Qe2 O-O 6. e5 dxe5 7. dxe5 Nd5 8.
O-O c6 9. h3 a5 10. Rd1 Qc7 11. Bxd5 cxd5 12. Nc3 e6 13. Nb5 Qc6 14. Bf4 Bd7
15. a4 Na6 16. c4 Nb4 17. b3 dxc4 18. bxc4 Qc8 19. Bg5 Bxb5 20. axb5 Qc7 21.
Qe4 Rac8 22. Rdc1 h6 23. Be3 Rfd8 24. Bd4 Bf8 25. Qe3 Bc5 26. Bxc5 Qxc5 27.
Qxh6 Nd3 28. Rc2 Nxe5 29. Ng5 Qd4 30. Re1 Re8 31. Qh7+ Kf8 32. Qh8+ Ke7 33.
Qxe5 1-0

[Event "Xtracon Skakligaen"]
[Site "Denmark"]
[Date "2017.02.26"]
[Round "7.3"]
[White "Baekgaard, Martin"]
[Black "Skytte, Rasmus"]
[Result "0-1"]
[WhiteElo "2313"]
[BlackElo "2398"]
[PlyCount "58"]
[EventDate "2016.10.29"]
[EventType "team-tourn"]
[EventRounds "9"]
[EventCountry "DEN"]
[WhiteTeam "Nordre 1"]
[BlackTeam "Aarhus/Skolerne 1"]
[WhiteTeamCountry "DEN"]
[BlackTeamCountry "DEN"]

1. d4 Nf6 2. Nf3 g6 3. c4 c5 4. d5 Bg7 5. Nc3 d6 6. e4 O-O 7. h3 e6 8. Bd3 Na6
9. O-O Nc7 10. a4 Na6 11. Bg5 h6 12. Be3 e5 13. Qd2 Kh7 14. Nh2 Nb4 15. Be2 Qe7
16. a5 Bd7 17. Ra3 Rae8 18. Rfa1 Bc8 19. f3 Nh5 20. Na2 Na6 21. b4 Nf4 22. Bf1
f5 23. bxc5 Nxc5 24. Nc3 h5 25. Re1 Bh6 26. Nb5 fxe4 27. fxe4 Nxe4 28. Qb4 Qh4
29. Bxf4 Bxf4 0-1

[Event "Xtracon Skakligaen"]
[Site "Denmark"]
[Date "2017.02.26"]
[Round "7.4"]
[White "Rasmussen, Karsten"]
[Black "Sloth, Jorn"]
[Result "1-0"]
[WhiteElo "2447"]
[BlackElo "2300"]
[PlyCount "169"]
[EventDate "2016.10.29"]
[EventType "team-tourn"]
[EventRounds "9"]
[EventCountry "DEN"]
[WhiteTeam "Aarhus/Skolerne 1"]
[BlackTeam "Nordre 1"]
[WhiteTeamCountry "DEN"]
[BlackTeamCountry "DEN"]

1. c4 Nf6 2. Nc3 c6 3. e4 e5 4. Nf3 Bb4 5. Nxe5 O-O 6. Nd3 Bxc3 7. dxc3 Nxe4 8.
Be2 d6 9. O-O Re8 10. f3 Nf6 11. Bg5 h6 12. Bh4 Be6 13. Nf2 d5 14. cxd5 cxd5
15. Qb3 Qb6 16. Bxf6 gxf6 17. Qa4 Nc6 18. Qh4 Qxb2 19. Bd3 Qxc3 20. Qxh6 f5 21.
Rab1 Re7 22. Bb5 Qg7 23. Qh4 Kf8 24. Qa4 Nd4 25. Qa3 f4 26. Rfc1 Qe5 27. Bd3 b5
28. Re1 Qc7 29. Bxb5 Bf5 30. Bd3 Rae8 31. Rxe7 Qxe7 32. Qxe7+ Rxe7 33. Bxf5
Nxf5 34. Nd3 Re2 35. Rb2 Nd4 36. Rxe2 Nxe2+ 37. Kf2 Nc3 38. Nxf4 Nxa2 39. Nxd5
a5 40. Ke3 Nc1 41. Kd2 Nb3+ 42. Kc3 Nc5 43. Kc4 Ne6 44. Kb5 f5 45. Kxa5 f4 46.
Kb4 Kf7 47. Kc4 Kg6 48. Ne7+ Kf6 49. Nc6 Ng7 50. Nd4 Ke5 51. Kd3 Nh5 52. Nc6+
Kd5 53. Nb4+ Ke5 54. Ke2 Kd4 55. Nd3 Kd5 56. Kf2 Kd4 57. Nc1 Ke5 58. Ne2 Nf6
59. g3 fxg3+ 60. hxg3 Nd5 61. g4 Nb4 62. Kg3 Nd5 63. Kh4 Ne3 64. Kg5 Ke6 65. f4
Nd5 66. Kg6 Ne7+ 67. Kg7 Nd5 68. Kg6 Ne7+ 69. Kg5 Nd5 70. Nd4+ Kf7 71. f5 Nf6
72. Nf3 Kg7 73. Nd4 Nd5 74. Nf3 Kf7 75. Nd2 Kg7 76. Ne4 Kf7 77. Kh5 Ne7 78. f6
Ng6 79. g5 Ne5 80. Kh6 Kg8 81. g6 Ng4+ 82. Kg5 Ne5 83. Nd6 Nd7 84. Nf5 Kh8 85.
f7 1-0

[Event "Xtracon Skakligaen"]
[Site "Denmark"]
[Date "2017.02.26"]
[Round "7.5"]
[White "Andersen, Thomas Klitgaard"]
[Black "Christensen, Tobias Bent"]
[Result "1/2-1/2"]
[WhiteElo "2217"]
[BlackElo "2343"]
[PlyCount "38"]
[EventDate "2016.10.29"]
[EventType "team-tourn"]
[EventRounds "9"]
[EventCountry "DEN"]
[WhiteTeam "Nordre 1"]
[BlackTeam "Aarhus/Skolerne 1"]
[WhiteTeamCountry "DEN"]
[BlackTeamCountry "DEN"]

1. d4 e6 2. c4 f5 3. g3 Nf6 4. Bg2 d5 5. Nf3 Bd6 6. O-O O-O 7. Nc3 c6 8. c5 Bc7
9. Bf4 Nbd7 10. b4 h6 11. e3 g5 12. Bxc7 Qxc7 13. Ne2 b6 14. cxb6 axb6 15. Qc2
Ba6 16. Rfc1 Bc4 17. a4 Qd6 18. Rcb1 Kg7 19. Nc3 Ne4 1/2-1/2

[Event "Xtracon Skakligaen"]
[Site "Denmark"]
[Date "2017.02.26"]
[Round "7.6"]
[White "Ochsner, Thomas"]
[Black "Hoiberg, Nina"]
[Result "1/2-1/2"]
[WhiteElo "2309"]
[BlackElo "2218"]
[PlyCount "53"]
[EventDate "2016.10.29"]
[EventType "team-tourn"]
[EventRounds "9"]
[EventCountry "DEN"]
[WhiteTeam "Aarhus/Skolerne 1"]
[BlackTeam "Nordre 1"]
[WhiteTeamCountry "DEN"]
[BlackTeamCountry "DEN"]

1. e4 e5 2. Nf3 Nc6 3. Bc4 Nf6 4. d3 Be7 5. c3 O-O 6. O-O h6 7. Re1 d6 8. Bb3
Nh7 9. Nbd2 Ng5 10. Nxg5 Bxg5 11. Nc4 Bxc1 12. Rxc1 Ne7 13. Qh5 Ng6 14. g3 Qg5
15. Qxg5 hxg5 16. d4 Kh7 17. dxe5 Nxe5 18. Nxe5 dxe5 19. Rcd1 Bg4 20. Rd5 f6
21. Kg2 c6 22. Rd3 Rad8 23. Ree3 Bc8 24. a4 b6 25. Bc4 Bb7 26. b3 g6 27. Rxd8
1/2-1/2

[Event "Xtracon Skakligaen"]
[Site "Denmark"]
[Date "2017.02.26"]
[Round "7.7"]
[White "Christensen, Jan Schleicher"]
[Black "Rendboe, John Filip"]
[Result "1/2-1/2"]
[WhiteElo "2179"]
[BlackElo "2160"]
[PlyCount "35"]
[EventDate "2016.10.29"]
[EventType "team-tourn"]
[EventRounds "9"]
[EventCountry "DEN"]
[WhiteTeam "Nordre 1"]
[BlackTeam "Aarhus/Skolerne 1"]
[WhiteTeamCountry "DEN"]
[BlackTeamCountry "DEN"]

1. d4 d5 2. c4 c6 3. Nf3 Nf6 4. Nc3 g6 5. g3 Bg7 6. Bg2 O-O 7. O-O dxc4 8. a4
a5 9. Ne5 Ng4 10. Nf3 e5 11. dxe5 Nxe5 12. Nxe5 Bxe5 13. Bh6 Bg7 14. Qc1 Bxh6
15. Qxh6 Qe7 16. Rad1 Nd7 17. Rd4 Nb6 18. Rfd1 1/2-1/2

[Event "Xtracon Skakligaen"]
[Site "Denmark"]
[Date "2017.02.26"]
[Round "7.8"]
[White "Jensen, Jacob Bjerre"]
[Black "Moller, Leif"]
[Result "1/2-1/2"]
[WhiteElo "2155"]
[BlackElo "2093"]
[PlyCount "96"]
[EventDate "2016.10.29"]
[EventType "team-tourn"]
[EventRounds "9"]
[EventCountry "DEN"]
[WhiteTeam "Aarhus/Skolerne 1"]
[BlackTeam "Nordre 1"]
[WhiteTeamCountry "DEN"]
[BlackTeamCountry "DEN"]

1. d4 d5 2. c4 e6 3. Nc3 Nf6 4. cxd5 exd5 5. Bg5 Be7 6. Qc2 c6 7. e3 Bg4 8. Bd3
Bh5 9. Nge2 Bg6 10. O-O Bxd3 11. Qxd3 Nbd7 12. f3 O-O 13. Rad1 Nh5 14. Bxe7
Qxe7 15. e4 dxe4 16. fxe4 Rad8 17. Qh3 g6 18. Nf4 Nxf4 19. Rxf4 f6 20. Rdf1 Nb6
21. Qe3 Nc4 22. Qf2 Kg7 23. b3 Nd6 24. Re1 Qc7 25. Kh1 a6 26. Na4 b6 27. Rf1 f5
28. Nc3 Qe7 29. e5 Nb5 30. Nxb5 axb5 31. Rc1 Qe6 32. Rf3 Rd5 33. Rfc3 Rc8 34.
b4 Qd7 35. Re1 Re8 36. Qc2 Re6 37. Rg3 Rxd4 38. Qxf5 Rd1 39. Qf1 Rxe1 40. Qxe1
Qd5 41. Re3 Qxa2 42. Rd3 Re7 43. Rd6 Qb2 44. e6 c5 45. h3 cxb4 46. Rd7 Qf6 47.
Qxb4 Qa1+ 48. Kh2 Qe5+ 1/2-1/2

[Event "Xtracon Skakligaen"]
[Site "Denmark"]
[Date "2017.02.26"]
[Round "7.1"]
[White "Jorgensen, Brian"]
[Black "Grandelius, Nils"]
[Result "0-1"]
[WhiteElo "2274"]
[BlackElo "2642"]
[PlyCount "52"]
[EventDate "2016.10.29"]
[EventType "team-tourn"]
[EventRounds "9"]
[EventCountry "DEN"]
[WhiteTeam "K41 1"]
[BlackTeam "Philidor 1"]
[WhiteTeamCountry "DEN"]
[BlackTeamCountry "DEN"]

1. d4 Nf6 2. Nf3 d5 3. g3 g6 4. Bg2 Bg7 5. O-O O-O 6. c4 dxc4 7. Qc2 Nc6 8.
Qxc4 Be6 9. Qa4 Nd5 10. Nc3 Nb6 11. Qc2 Nxd4 12. Nxd4 Qxd4 13. Bxb7 Rab8 14.
Be3 Qe5 15. Bf4 Qa5 16. Qe4 Nd7 17. Qf3 Nc5 18. Bc6 Rxb2 19. Nd5 Bxd5 20. Bxd5
Na4 21. Rac1 Nc3 22. Bc4 c5 23. Bg5 Qb4 24. Qg4 h5 25. Qh4 Nxe2+ 26. Bxe2 Qxh4
0-1

[Event "Xtracon Skakligaen"]
[Site "Denmark"]
[Date "2017.02.26"]
[Round "7.2"]
[White "Glud, Jakob Vang"]
[Black "Schmidt, Kristen"]
[Result "1-0"]
[WhiteElo "2517"]
[BlackElo "2215"]
[PlyCount "81"]
[EventDate "2016.10.29"]
[EventType "team-tourn"]
[EventRounds "9"]
[EventCountry "DEN"]
[WhiteTeam "Philidor 1"]
[BlackTeam "K41 1"]
[WhiteTeamCountry "DEN"]
[BlackTeamCountry "DEN"]

1. c4 e5 2. g3 Nf6 3. Bg2 d5 4. cxd5 Nxd5 5. Nf3 Nc6 6. O-O Nb6 7. Nc3 Be7 8.
Rb1 O-O 9. b4 Bf5 10. b5 Nd4 11. d3 f6 12. Nh4 Bc8 13. e3 Ne6 14. Nf5 Kh8 15.
a4 a5 16. Nxe7 Qxe7 17. Qb3 Rd8 18. Ba3 Qe8 19. Rbd1 Rb8 20. h4 Nd7 21. d4 c5
22. d5 Nc7 23. d6 Ne6 24. b6 Ndf8 25. Rd2 Bd7 26. Rb1 Bc6 27. Bh3 Bd7 28. Bg2
Rdc8 29. Nb5 c4 30. Qc3 Qg6 31. Rbb2 Nc5 32. Qxc4 Be6 33. Bd5 Bxd5 34. Rxd5 Ne4
35. Nc7 Nxg3 36. fxg3 Qxg3+ 37. Kf1 Qf3+ 38. Rf2 Qxe3 39. Bc5 Qh3+ 40. Kg1 Nd7
41. Rd3 1-0

[Event "Xtracon Skakligaen"]
[Site "Denmark"]
[Date "2017.02.26"]
[Round "7.3"]
[White "Clausen, Steen"]
[Black "Bekker Jensen, Simon"]
[Result "0-1"]
[WhiteElo "2188"]
[BlackElo "2466"]
[PlyCount "110"]
[EventDate "2016.10.29"]
[EventType "team-tourn"]
[EventRounds "9"]
[EventCountry "DEN"]
[WhiteTeam "K41 1"]
[BlackTeam "Philidor 1"]
[WhiteTeamCountry "DEN"]
[BlackTeamCountry "DEN"]

1. d4 Nf6 2. c4 g6 3. Nc3 Bg7 4. e4 d6 5. f4 O-O 6. Nf3 Na6 7. Bd3 Bg4 8. Be3
Nd7 9. O-O e5 10. fxe5 c5 11. Be2 cxd4 12. Nxd4 Bxe2 13. Qxe2 Bxe5 14. Rad1
Nac5 15. b3 a6 16. Qf3 Qe7 17. g3 Nb6 18. Nd5 Nxd5 19. exd5 Rae8 20. Rfe1 Qf6
21. Qxf6 Bxf6 22. Nf3 Bc3 23. Bd2 Bxd2 24. Rxd2 Rxe1+ 25. Nxe1 Re8 26. Kf1 a5
27. Re2 Re4 28. Rxe4 Nxe4 29. Nf3 Kg7 30. a3 f5 31. Ke2 Kf6 32. Kd3 g5 33. Kd4
h5 34. b4 axb4 35. axb4 b6 36. Ne1 Nd2 37. Nd3 Nf3+ 38. Kc3 Nxh2 39. c5 dxc5
40. bxc5 bxc5 41. Kc4 Nf1 42. d6 Nxg3 43. Kd5 Ne4 44. Nxc5 Nxd6 45. Kxd6 h4 46.
Nd3 h3 47. Kd5 h2 48. Nf2 g4 49. Nh1 f4 50. Ke4 g3 51. Kf3 Kf5 52. Kg2 Kg4 53.
Nxg3 fxg3 54. Kh1 Kf4 55. Kg2 h1=Q+ 0-1

[Event "Xtracon Skakligaen"]
[Site "Denmark"]
[Date "2017.02.26"]
[Round "7.4"]
[White "Mikkelsen, Nikolaj"]
[Black "Larsen, Flemming Bo"]
[Result "1/2-1/2"]
[WhiteElo "2463"]
[BlackElo "2178"]
[PlyCount "58"]
[EventDate "2016.10.29"]
[EventType "team-tourn"]
[EventRounds "9"]
[EventCountry "DEN"]
[WhiteTeam "Philidor 1"]
[BlackTeam "K41 1"]
[WhiteTeamCountry "DEN"]
[BlackTeamCountry "DEN"]

1. e4 d6 2. d4 Nf6 3. Nc3 g6 4. Nf3 Bg7 5. Be2 O-O 6. O-O Na6 7. h3 c5 8. Re1
cxd4 9. Nxd4 Nc5 10. Bf1 d5 11. e5 Nfe4 12. Nxe4 Nxe4 13. c4 Bxe5 14. Nf3 Bf6
15. cxd5 Nd6 16. Bg5 Bxg5 17. Nxg5 Re8 18. Qf3 Bd7 19. Qf4 Qb6 20. b3 Rac8 21.
Bd3 Qc5 22. Rad1 Qc3 23. Ne4 Nxe4 24. Bxe4 b6 25. Bb1 Kg7 26. Re5 e6 27. d6 Rc5
28. Rxc5 Qxc5 29. b4 Qc3 1/2-1/2

[Event "Xtracon Skakligaen"]
[Site "Denmark"]
[Date "2017.02.26"]
[Round "7.6"]
[White "Skovgaard, Peter Nicolai"]
[Black "Kragh, Niels Kristian"]
[Result "1-0"]
[WhiteElo "2302"]
[BlackElo "2134"]
[PlyCount "89"]
[EventDate "2016.10.29"]
[EventType "team-tourn"]
[EventRounds "9"]
[EventCountry "DEN"]
[WhiteTeam "Philidor 1"]
[BlackTeam "K41 1"]
[WhiteTeamCountry "DEN"]
[BlackTeamCountry "DEN"]

1. b3 e5 2. Bb2 Nc6 3. e3 Nf6 4. Nf3 e4 5. Nd4 Nxd4 6. Bxd4 c5 7. Bxf6 Qxf6 8.
Nc3 Qe5 9. Bc4 g6 10. f3 f5 11. fxe4 fxe4 12. Bd5 Bg7 13. O-O Qg5 14. Bxe4 Kd8
15. Bf3 Bxc3 16. dxc3 Qxe3+ 17. Kh1 Re8 18. Qd5 Kc7 19. Rad1 Qe5 20. Qd2 Re6
21. Rfe1 Qf6 22. Rxe6 Qxe6 23. Bd5 Qf6 24. Kg1 a5 25. Qe3 d6 26. Rf1 Qe5 27.
Rf7+ Kb6 28. Qxe5 dxe5 29. Rxh7 a4 30. Rh8 a3 31. Be6 Kc7 32. h4 b6 33. Rxc8+
Rxc8 34. Bxc8 Kxc8 35. Kf2 Kd7 36. Ke3 Ke6 37. Ke4 Kf6 38. c4 Ke6 39. g3 Kf6
40. g4 Ke6 41. h5 gxh5 42. gxh5 Kf6 43. h6 Kg6 44. Kxe5 Kxh6 45. Kd5 1-0

[Event "Xtracon Skakligaen"]
[Site "Denmark"]
[Date "2017.02.26"]
[Round "7.7"]
[White "Petersen, Flemming Petri"]
[Black "Hovmoller, Kristian"]
[Result "0-1"]
[WhiteElo "2083"]
[BlackElo "2289"]
[PlyCount "72"]
[EventDate "2016.10.29"]
[EventType "team-tourn"]
[EventRounds "9"]
[EventCountry "DEN"]
[WhiteTeam "K41 1"]
[BlackTeam "Philidor 1"]
[WhiteTeamCountry "DEN"]
[BlackTeamCountry "DEN"]

1. e4 c5 2. Nf3 d6 3. d4 cxd4 4. Nxd4 Nf6 5. Nc3 e5 6. Nf3 h6 7. Bc4 Be7 8. h3
Be6 9. Bxe6 fxe6 10. Be3 Nc6 11. Qd2 Qa5 12. O-O d5 13. exd5 exd5 14. Ne2 Qxd2
15. Bxd2 O-O 16. Rad1 Bc5 17. Ng3 e4 18. Nh4 d4 19. Ng6 Rfe8 20. b4 Bb6 21. b5
Ne5 22. Nxe5 Rxe5 23. c3 e3 24. cxd4 exf2+ 25. Kh2 Bxd4 26. Bf4 Rd5 27. Nf5 Bc5
28. Ne3 Rxd1 29. Nxd1 Ne4 30. g4 Rf8 31. Bc1 Rf3 32. a4 Bd6+ 33. Kh1 Rxh3+ 34.
Kg2 Rg3+ 35. Kh1 Bc5 36. g5 Rg1+ 0-1

[Event "Xtracon Skakligaen"]
[Site "Denmark"]
[Date "2017.02.26"]
[Round "7.8"]
[White "Brorsen, Jacob Abildlund"]
[Black "Bauner, Jan"]
[Result "1-0"]
[WhiteElo "2144"]
[BlackElo "1972"]
[PlyCount "69"]
[EventDate "2016.10.29"]
[EventType "team-tourn"]
[EventRounds "9"]
[EventCountry "DEN"]
[WhiteTeam "Philidor 1"]
[BlackTeam "K41 1"]
[WhiteTeamCountry "DEN"]
[BlackTeamCountry "DEN"]

1. e4 c6 2. d4 d5 3. Nd2 Qb6 4. Ngf3 Bg4 5. e5 e6 6. c3 c5 7. dxc5 Bxc5 8. Qa4+
Nc6 9. Qxg4 Bxf2+ 10. Kd1 Nge7 11. Bd3 Qe3 12. Kc2 h5 13. Qa4 Qb6 14. Nb3 O-O
15. Bg5 Ng6 16. Bxg6 fxg6 17. Rad1 Rf5 18. Nbd4 Bxd4 19. cxd4 Raf8 20. Rhe1
Rxg5 21. Nxg5 Rf2+ 22. Rd2 Rxd2+ 23. Kxd2 Qxb2+ 24. Kd3 b5 25. Qb3 Qxd4+ 26.
Kc2 Qf2+ 27. Kd1 Qd4+ 28. Kc1 Qa1+ 29. Kd2 Qd4+ 30. Qd3 Qb2+ 31. Kd1 Qa1+ 32.
Ke2 Qxe5+ 33. Qe3 Qb2+ 34. Kf1 e5 35. Qf3 1-0

[Event "Xtracon Skakligaen"]
[Site "Denmark"]
[Date "2017.03.18"]
[Round "8.4"]
[White "Bjerre, Jonas Buhl"]
[Black "Hoi, Carsten"]
[Result "1/2-1/2"]
[WhiteElo "2357"]
[BlackElo "2382"]
[PlyCount "20"]
[EventDate "2016.10.29"]
[EventType "team-tourn"]
[EventRounds "9"]
[EventCountry "DEN"]
[WhiteTeam "Team Nordea Skanderborg 1"]
[BlackTeam "Bronshoj 1"]
[WhiteTeamCountry "DEN"]
[BlackTeamCountry "DEN"]

1. e4 g6 2. d4 Bg7 3. Nc3 d6 4. Be3 c6 5. Qd2 b5 6. Bd3 Nd7 7. Nf3 Nb6 8. h3
Nf6 9. Bh6 O-O 10. Bxg7 Kxg7 1/2-1/2

[Event "Xtracon Skakligaen"]
[Site "Denmark"]
[Date "2017.03.18"]
[Round "8.8"]
[White "Watson, Colin"]
[Black "Skousen, Nikolai"]
[Result "0-1"]
[WhiteElo "1934"]
[BlackElo "2275"]
[PlyCount "76"]
[EventDate "2016.10.29"]
[EventType "team-tourn"]
[EventRounds "9"]
[EventCountry "DEN"]
[WhiteTeam "Team Nordea Skanderborg 1"]
[BlackTeam "Bronshoj 1"]
[WhiteTeamCountry "DEN"]
[BlackTeamCountry "DEN"]

1. e4 c5 2. Nc3 g6 3. f4 Bg7 4. Nf3 Nc6 5. Bc4 e6 6. O-O Nge7 7. d3 d5 8. Bb3
O-O 9. a3 Rb8 10. Qe1 b5 11. Ne2 c4 12. Ba2 b4 13. e5 b3 14. cxb3 cxb3 15. Bb1
d4 16. Qf2 f6 17. Nfxd4 fxe5 18. Nxc6 Nxc6 19. Qc5 Bb7 20. d4 Ba6 21. Qxc6 Bxe2
22. Re1 Qxd4+ 23. Kh1 Qf2 24. Bd2 Rb6 25. Qe4 Rxf4 26. Qe3 Qxe1+ 27. Bxe1 Rf1+
28. Qg1 Rxg1+ 29. Kxg1 e4 30. Bxe4 Bxb2 31. Rb1 Bxa3 32. Bf2 Rb4 33. Bc5 Ra4
34. Bxa3 Rxa3 35. Rb2 Bc4 36. Bb1 a5 37. Kf2 Ra2 38. Bxa2 bxa2 0-1